000 00506nam a22001577a 4500
003 macl
005 20221215131548.0
008 221215b |||||||| |||| 00| 0 eng d
040 _cmacl
082 _aRRC000399
100 _aश्‍याम परमार
245 _aमालवा की लोककथाऍं
260 _aदिल्‍ली
_bट्रांसवर्ड पब्लिकेशन
_c2022
650 _aचिल्‍ड्रन बुक
_9159
942 _2ddc
_cHIN
999 _c65769
_d65769